01261nam a22003617a 4500003000500000005001700005008004100022010001000063011001000073035001000083040000900093090001700102100002800119245006000147260007700207300002200284490002800306590004100334590004100375590004100416590004100457590004200498650002800540650001800568650002600586700003100612830003600643901000700679942000900686949005300695999001700748952013400765CHAP20220329133918.0971013s1960 us a r 00010 eng d a12610 a13582 a17654 cCHAP aFolleto 430600aBattan, Louis J.9108251 aBack-scattering of 3, 21-cm. radiation by water bubbles aTucson :bUniversity of Arizona. Institute of Atmospheric Physics,c1960 a9 h. anexos ilus. aScientific reportv; 16 aBATCH-UPDb10c20130110lUCH01h0145 aBATCH-UPDb10c20130110lUCH01h2001 aBATCH-UPDb10c20130410lUCH01h1321 aBATCH-UPDb10c20130914lUCH01h1614 aCONVERSIONb10c20130109lUCH01h130814aHidrodinámica.95523314aOndas.98330314aTurbulencias.91155950 aHerman, Benjamin M.9537400 aScientific reportv; 169103331 aBK cFOLL aFolleto 4306bBCcFOLLd-41503eTS1i17654mDsi c12610d12610 00102local4051708FOLLaBCbBCcPA_FOLLETOSd2012-12-17fFOLLl0oFolleto 4306p-41503r2019-12-31 00:00:00w2012-12-17yFOLL